The World Book encyclopedia.

Đã lưu trong:
書目詳細資料
企業作者: World Book, Inc.
格式: 圖書
語言:Undetermined
出版: Chicago, Illinois World Book 2004
主題:
標簽: 添加標簽
沒有標簽, 成為第一個標記此記錄!
Thư viện lưu trữ: Trung tâm Học liệu Trường Đại học Cần Thơ
LEADER 00494nam a2200181Ia 4500
001 CTU_126397
008 210402s9999 xx 000 0 und d
082 |a 031 
082 |b W927/Vol.2 
110 |a World Book, Inc. 
245 4 |a The World Book encyclopedia. 
245 0 |c World Book, Inc. 
260 |a Chicago, Illinois 
260 |b World Book 
260 |c 2004 
650 |a Encyclopedias and dictionaries. 
904 |i Minh 
980 |a Trung tâm Học liệu Trường Đại học Cần Thơ